LEADER 00771nam0-2200277---450- 001 990009682220403321 005 20130213085032.0 035 $a000968222 035 $aFED01000968222 035 $a(Aleph)000968222FED01 035 $a000968222 100 $a20130213d1970----km-y0itay50------ba 101 0 $aita 102 $aIT 105 $ay-------001yy 200 1 $aSavonarola a Firenze$eprofezia e patriottismo nel rinascimento$fDonald Weinstein 210 $aBologna$cIl mulino$d1970 215 $aXXII, 420 p.$d22 cm 700 1$aWeinstein,$bDonald$0192753 801 0$aIT$bUNINA$gREICAT$2UNIMARC 901 $aBK 912 $a990009682220403321 952 $aXII B 43$b26857$fFSPBC 959 $aFSPBC 996 $aSavonarola a Firenze$9839086 997 $aUNINA LEADER 02005nam 22006133 450 001 9910131675403321 005 20101014000000.0 010 $a88-596-0844-9 035 $a(CKB)3460000000087638 035 $a(ItFiC)it 02448890 035 $a(SSID)ssj0000813923 035 $a(PQKBManifestationID)12289353 035 $a(PQKBTitleCode)TC0000813923 035 $a(PQKBWorkID)10788786 035 $a(PQKB)11339438 035 $a(EXLCZ)993460000000087638 100 $a20110322d2010 uy 0 101 0 $aita 181 $ctxt 182 $cc 183 $acr 200 00$aSignori di Maremma $eelites etrusche fra Populonia e Vulci /$fmostra a cura di Giuseppina Carlotta Cianferoni ; catalogo a cura di Mariagrazia Celuzza, Giuseppina Carlotta Cianferoni 210 $aFirenze $cPolistampa$d2010 215 $a229 p. $cill. (some col.) ;$d30 cm 300 $aExhibition catalogue, Florence, Museo archeologico nazionale, Oct. 8, 2010. 300 $aBound. 300 $aPopulonia (Tuscany); Vulci (Lazio). 320 $aIncludes bibliographical references. 517 $aSignori di Maremma 606 $aArt, Etruscan$xItaly$zMaremma$vExhibitions 606 $aEtruscans$zMaremma$zItaly$vExhibitions 606 $aGrave goods$zMaremma$zItaly$vExhibitions 606 $aRegions & Countries - Europe$2HILCC 606 $aHistory & Archaeology$2HILCC 606 $aItaly$2HILCC 607 $aMaremma (Italy)$xAntiquities$vExhibitions 615 0$aArt, Etruscan$xItaly 615 0$aEtruscans 615 0$aGrave goods 615 7$aRegions & Countries - Europe 615 7$aHistory & Archaeology 615 7$aItaly 676 $a738 676 $a937 676 $a393 676 $a739 702 $aCeluzza$b Mariagrazia 702 $aCianferoni$b Giuseppina Carlotta 712 02$aMuseo archeologico di Firenze, 801 0$bItFiC 906 $aBOOK 912 $a9910131675403321 996 $aSignori di Maremma$92432671 997 $aUNINA